[Event "BCF-chT1c 1415 (4NCL) Promotion pool"]
[Site "England"]
[Date "2015.05.04"]
[Round "11.136"]
[White "Ledger, Andrew"]
[Black "Smallbone, Kieran"]
[Result "1-0"]
[WhiteElo "2389"]
[BlackElo "2201"]
[PlyCount "93"]
[EventDate "2014.11.15"]
[EventType "team-tourn"]
[EventRounds "4"]
[EventCountry "ENG"]
[SourceTitle "EXT 2023"]
[Source "ChessBase"]
[SourceDate "2022.10.05"]
[SourceVersion "1"]
[SourceVersionDate "2022.10.05"]
[SourceQuality "1"]
[WhiteTeam "Blackthorne Russia"]
[BlackTeam "Oxford"]
[WhiteTeamCountry "ENG"]
[BlackTeamCountry "ENG"]

1. e4 d6 2. d4 Nf6 3. Nc3 c6 4. f4 Qb6 5. e5 Nd5 6. Nxd5 cxd5 7. Bd3 g6 8. c3 h5 9. Qf3 Qc6 10. a4 Bg4 11. Qe3 Qd7 12. Nf3 Bxf3 13. Qxf3 e6 14. 0-0 Nc6 15. b4 Be7 16. Bd2 Kf8 17. a5 Bd8 18. Rae1 Ne7 19. Re2 Rc8 20. Be1 Nf5 21. g3 b6 22. a6 b5 23. Ra2 Rb8 24. Qe2 Qc6 25. Ra3 Ke8 26. h3 Kd7 27. g4 hxg4 28. hxg4 Ng7 29. Kg2 Ne8 30. Bg3 Be7 31. f5 gxf5 32. gxf5 Nc7 33. fxe6+ fxe6 34. Rf7 Rbg8 35. Bh7 dxe5 36. Bxg8 Rxg8 37. Qxe5 Ke8 38. Qh5 Kd8 39. Qh7 Rg4 40. Kh3 Rxg3+ 41. Kxg3 Ne8 42. Rxe7 Qd6+ 43. Kf3 Qxe7 44. Qxe7+ Kxe7 45. Kf4 Kd6 46. Ra1 Nc7 47. Rh1 1-0

[Event "BCF-chT1a 1314 (4NCL)"]
[Site "England"]
[Date "2014.02.15"]
[Round "5.133"]
[White "Rogers, Jonathan"]
[Black "Smallbone, Kieran"]
[Result "1-0"]
[WhiteElo "2307"]
[BlackElo "2218"]
[PlyCount "101"]
[EventDate "2013.11.16"]
[EventType "team-tourn"]
[EventRounds "7"]
[EventCountry "ENG"]
[SourceTitle "EXT 2015"]
[Source "ChessBase"]
[SourceDate "2014.11.20"]
[SourceVersion "1"]
[SourceVersionDate "2014.11.20"]
[SourceQuality "1"]
[WhiteTeam "Barbican II"]
[BlackTeam "Oxford"]
[WhiteTeamCountry "ENG"]
[BlackTeamCountry "ENG"]

1. Nf3 d5 2. b4 Qd6 3. a3 Bg4 4. d4 Bxf3 5. exf3 Nd7 6. Be2 Qg6 7. 0-0 e6 8. c4 dxc4 9. Bxc4 Bd6 10. Nc3 c6 11. Ne4 Bc7 12. Re1 Ne7 13. g4 h5 14. Bd3 f5 15. Ng5 hxg4 16. fxg4 Bxh2+ 17. Kg2 Nf8 18. Rh1 0-0-0 19. Rxh2 Rxh2+ 20. Kxh2 Rxd4 21. Be3 Rd5 22. Nh3 Qf6 23. Rc1 fxg4 24. Nf4 Qh4+ 25. Kg2 Rd8 26. Qe2 e5 27. Rh1 exf4 28. Bxf4 Qf6 29. Qxg4+ Qe6 30. Be2 Neg6 31. Bg3 Re8 32. Bf3 Qxg4 33. Bxg4+ Kd8 34. Rd1+ Ke7 35. f4 Rd8 36. f5 Rxd1 37. Bxd1 Nh8 38. Be5 Kf7 39. Bb3+ Ke7 40. Bxg7 Nf7 41. Bd4 a6 42. Kf3 Nd7 43. Kf4 b6 44. Bc4 b5 45. Be6 Nd6 46. Bxd7 Kxd7 47. Kg5 Ne4+ 48. Kg6 Kd6 49. f6 Nxf6 50. Kxf6 a5 51. Bc5+ 1-0

[Event "BCF-chT1a 1314 (4NCL)"]
[Site "England"]
[Date "2013.11.17"]
[Round "2.143"]
[White "Hunt, Adam"]
[Black "Smallbone, Kieran"]
[Result "1-0"]
[WhiteElo "2429"]
[BlackElo "2218"]
[PlyCount "65"]
[EventDate "2013.11.16"]
[EventType "team-tourn"]
[EventRounds "7"]
[EventCountry "ENG"]
[SourceTitle "EXT 2015"]
[Source "ChessBase"]
[SourceDate "2014.11.20"]
[SourceVersion "1"]
[SourceVersionDate "2014.11.20"]
[SourceQuality "1"]
[WhiteTeam "Blackthorne Russia"]
[BlackTeam "Oxford"]
[WhiteTeamCountry "ENG"]
[BlackTeamCountry "ENG"]

1. e4 c6 2. c4 d5 3. cxd5 cxd5 4. exd5 Nf6 5. Qa4+ Nbd7 6. Nc3 g6 7. Bc4 Bg7 8. d3 0-0 9. Nf3 a6 10. Qa3 Nb6 11. Qb3 Nxc4 12. dxc4 b5 13. 0-0 bxc4 14. Qxc4 Bb7 15. Rd1 Qa5 16. Bf4 Rac8 17. Qb3 Ba8 18. Rd2 Rfd8 19. Rad1 Rd7 20. Ne5 Rb7 21. Nc6 Rxb3 22. Nxa5 Rb4 23. Nc6 Rb7 24. Na4 Nh5 25. Bg5 Bf6 26. Bxf6 Nxf6 27. Nc5 Rbc7 28. Nxa6 Rd7 29. Nc5 Rdc7 30. b4 e6 31. Na6 Rd7 32. Nab8 Rb7 33. dxe6 1-0

[Event "BCF-chT2c 1213 (4NCL) Promotion pool"]
[Site "England"]
[Date "2013.05.05"]
[Round "10.14"]
[White "House, Glenn"]
[Black "Smallbone, Kieran"]
[Result "1-0"]
[WhiteElo "2228"]
[BlackElo "2211"]
[PlyCount "73"]
[EventDate "2012.11.13"]
[EventType "team-tourn"]
[EventRounds "4"]
[EventCountry "ENG"]
[SourceTitle "EXT 2014"]
[Source "ChessBase"]
[SourceDate "2013.11.20"]
[SourceVersion "1"]
[SourceVersionDate "2013.11.20"]
[SourceQuality "1"]
[WhiteTeam "3CS Oldham"]
[BlackTeam "Oxford"]
[WhiteTeamCountry "ENG"]
[BlackTeamCountry "ENG"]

1. Nf3 d5 2. g3 Nf6 3. d3 c6 4. Bg2 Bf5 5. Nbd2 h6 6. 0-0 e6 7. e3 Be7 8. Qe2 0-0 9. e4 Bh7 10. e5 Nfd7 11. Ne1 a5 12. f4 a4 13. a3 Na6 14. Ndf3 Qb6+ 15. Kh1 Nac5 16. Bh3 Rae8 17. Rb1 Qa6 18. Be3 f6 19. exf6 Bxf6 20. Ne5 Qa5 21. N1f3 Qc7 22. Rbe1 Bf5 23. Bg2 Qd6 24. Bd4 Bd8 25. Qd2 Nxe5 26. fxe5 Qe7 27. Nh4 Bh7 28. Qb4 b6 29. Bh3 g5 30. Nf3 h5 31. Bg2 Qa7 32. Qd2 Qg7 33. Be3 Rf5 34. Nd4 Rxf1+ 35. Rxf1 Qxe5 36. Nxc6 Qg7 37. Nxd8 1-0

[Event "BCF-chT1d 1011 (4NCL) Demotion pool"]
[Site "England"]
[Date "2011.04.30"]
[Round "9.16"]
[White "Wells, Daniel J"]
[Black "Smallbone, Kieran"]
[Result "1-0"]
[WhiteElo "1997"]
[BlackElo "2221"]
[PlyCount "55"]
[EventDate "2010.11.06"]
[EventType "team-tourn"]
[EventRounds "4"]
[EventCountry "ENG"]
[SourceTitle "EXT 2012"]
[Source "ChessBase"]
[SourceDate "2011.11.24"]
[SourceVersion "1"]
[SourceVersionDate "2011.11.24"]
[SourceQuality "1"]
[WhiteTeam "Pandoras Box"]
[BlackTeam "Oxford"]
[WhiteTeamCountry "ENG"]
[BlackTeamCountry "ENG"]

1. e4 c6 2. d4 d5 3. e5 Bf5 4. Nf3 e6 5. Be2 Nd7 6. 0-0 Ne7 7. a3 Nc8 8. Nbd2 Be7 9. b4 a5 10. bxa5 Qxa5 11. c4 dxc4 12. Nxc4 Qc7 13. Bb2 0-0 14. a4 Ndb6 15. Ne3 Bg6 16. a5 Nd7 17. Qd2 Rd8 18. Qc3 Nb8 19. Rfd1 Qd7 20. d5 Qe8 21. dxe6 fxe6 22. Qb3 Nd7 23. Qxe6+ Bf7 24. Qg4 Bh5 25. Qc4+ Kh8 26. Nf5 Bf8 27. Ng5 Bg6 28. Nh4 1-0

[Event "BCF-chT1d 0910 (4NCL) Demotion pool"]
[Site "England"]
[Date "2010.03.28"]
[Round "8.5"]
[White "McCarthy, Kevin"]
[Black "Smallbone, Kieran"]
[Result "0-1"]
[WhiteElo "2106"]
[BlackElo "2218"]
[PlyCount "60"]
[EventDate "2009.10.24"]
[EventType "team-tourn"]
[EventRounds "4"]
[EventCountry "ENG"]
[SourceTitle "EXT 2011"]
[Source "ChessBase"]
[SourceDate "2010.11.26"]
[SourceVersion "1"]
[SourceVersionDate "2010.11.26"]
[SourceQuality "1"]
[WhiteTeam "Pandoras Box"]
[BlackTeam "Oxford"]
[WhiteTeamCountry "ENG"]
[BlackTeamCountry "ENG"]

1. d4 d5 2. e4 dxe4 3. Nc3 Nf6 4. f3 exf3 5. Nxf3 e6 6. Bg5 Be7 7. Bd3 c5 8. Qd2 cxd4 9. Nxd4 Nc6 10. Nxc6 bxc6 11. 0-0-0 Qa5 12. Rhf1 Rb8 13. Qf4 Qb4 14. Qxb4 Rxb4 15. Be3 Nd5 16. Nxd5 exd5 17. a3 Rg4 18. Bxa7 Rxg2 19. Bb8 Bh4 20. Bd6 Be6 21. a4 Kd7 22. Be5 f6 23. Bf4 Rg4 24. Kb1 g5 25. Be3 Rxa4 26. Rxf6 Rha8 27. c3 d4 28. Bc1 Bb3 29. Bf5+ Ke7 30. Re6+ Kf7 0-1

[Event "BCF-chT2c 0809 (4NCL) Promotion pool"]
[Site "Hinckley Island"]
[Date "2009.05.03"]
[Round "10.6"]
[White "Stimpson, Philip M"]
[Black "Smallbone, Kieran"]
[Result "1-0"]
[WhiteElo "2076"]
[BlackElo "2235"]
[PlyCount "55"]
[EventDate "2008.10.04"]
[EventType "team-tourn"]
[EventRounds "4"]
[EventCountry "ENG"]
[SourceTitle "EXT 2010"]
[Source "ChessBase"]
[SourceDate "2010.11.25"]
[SourceVersion "1"]
[SourceVersionDate "2010.11.25"]
[SourceQuality "1"]
[WhiteTeam "Guildford III"]
[BlackTeam "Oxford"]
[WhiteTeamCountry "ENG"]
[BlackTeamCountry "ENG"]

1. e4 c6 2. d4 d5 3. e5 Bf5 4. Bd3 Bxd3 5. Qxd3 Qa5+ 6. Nc3 Qa6 7. Qh3 e6 8. Nge2 Nd7 9. 0-0 Ne7 10. a4 Rc8 11. f4 g6 12. g4 h5 13. f5 gxf5 14. gxf5 Nxf5 15. Rxf5 exf5 16. Qxf5 c5 17. Nf4 Rg8+ 18. Kf2 cxd4 19. Ncxd5 Be7 20. Nxe7 Kxe7 21. Nd5+ Kf8 22. Nf6 Nxf6 23. Bh6+ Ke7 24. exf6+ Kd6 25. Bf4+ Kc6 26. Qe4+ Kc5 27. Qe5+ Kc4 28. Bd2 1-0

[Event "BCF-chT2c 0809 (4NCL) Promotion pool"]
[Site "Hinckley Island"]
[Date "2009.05.03"]
[Round "11.5"]
[White "Thomas, Richard Huw"]
[Black "Smallbone, Kieran"]
[Result "1-0"]
[WhiteElo "2202"]
[BlackElo "2235"]
[PlyCount "89"]
[EventDate "2008.10.04"]
[EventType "team-tourn"]
[EventRounds "4"]
[EventCountry "ENG"]
[SourceTitle "EXT 2010"]
[Source "ChessBase"]
[SourceDate "2010.11.25"]
[SourceVersion "1"]
[SourceVersionDate "2010.11.25"]
[SourceQuality "1"]
[WhiteTeam "Kings Head"]
[BlackTeam "Oxford"]
[WhiteTeamCountry "ENG"]
[BlackTeamCountry "ENG"]

1. Nf3 d5 2. d4 Nf6 3. Bf4 c5 4. e3 Nc6 5. c3 Qb6 6. Qb3 c4 7. Qxb6 axb6 8. h3 b5 9. Be2 h6 10. 0-0 Bf5 11. Na3 b4 12. Nb5 Ra5 13. a4 e6 14. Bc7 Ra6 15. Bh2 Kd7 16. Nd2 Ne4 17. Nxe4 Bxe4 18. Rfc1 b3 19. f3 Bg6 20. e4 Ra5 21. exd5 exd5 22. Nc7 Bc2 23. Nxd5 Rxd5 24. Bxc4 Rf5 25. Re1 Na5 26. Bb5+ Rxb5 27. axb5 b6 28. Rxa5 bxa5 29. Ra1 Bd6 30. Rxa5 Bxh2+ 31. Kxh2 Bd3 32. Ra3 Bc4 33. Ra4 Rc8 34. Rb4 f6 35. Kg3 Bg8 36. Kf2 Kd6 37. Ke3 Bc4 38. b6 Bg8 39. h4 Kc6 40. c4 Rb8 41. Kd2 Kb7 42. d5 Rc8 43. Kd3 Rd8 44. Kd4 Rd6 45. Kc5 1-0

[Event "BCF-chT2a 0809 (4NCL)"]
[Site "Hinckley Island"]
[Date "2009.01.17"]
[Round "5.2"]
[White "Talsma, Paul"]
[Black "Smallbone, Kieran"]
[Result "1/2-1/2"]
[WhiteElo "2269"]
[BlackElo "2237"]
[PlyCount "74"]
[EventDate "2008.10.04"]
[EventType "team-tourn"]
[EventRounds "7"]
[EventCountry "ENG"]
[SourceTitle "EXT 2010"]
[Source "ChessBase"]
[SourceDate "2010.11.25"]
[SourceVersion "1"]
[SourceVersionDate "2010.11.25"]
[SourceQuality "1"]
[WhiteTeam "Anglian Avengers"]
[BlackTeam "Oxford"]
[WhiteTeamCountry "ENG"]
[BlackTeamCountry "ENG"]

1. d4 d5 2. c4 c6 3. Nf3 Nf6 4. Nc3 dxc4 5. a4 Bf5 6. Nh4 Bg4 7. h3 Bh5 8. g4 Bg6 9. Nxg6 hxg6 10. Bg2 Na6 11. e4 e5 12. dxe5 Qxd1+ 13. Nxd1 Nb4 14. 0-0 Nd7 15. e6 fxe6 16. Ne3 b5 17. e5 Rb8 18. Bd2 Nxe5 19. axb5 cxb5 20. Rxa7 Bc5 21. Rxg7 Rf8 22. Be4 Nbd3 23. Bxg6+ Nxg6 24. Rxg6 Kd7 25. Nd1 b4 26. h4 Rf7 27. Kg2 Bd4 28. f4 Rbf8 29. f5 exf5 30. Bh6 Re8 31. Rxf5 Rxf5 32. gxf5 Re2+ 33. Kf3 Rh2 34. Ke4 Rxh4+ 35. Kd5 Nxb2 36. Nxb2 Bxb2 37. f6 Rh5+ 1/2-1/2

[Event "BCF-chT2 0708 (4NCL)"]
[Site "Sunningdale"]
[Date "2008.01.13"]
[Round "6.5"]
[White "Lamoureux, Izabelle"]
[Black "Smallbone, Kieran"]
[Result "0-1"]
[WhiteElo "2095"]
[BlackElo "2230"]
[PlyCount "98"]
[EventDate "2007.09.15"]
[EventType "team-tourn"]
[EventRounds "11"]
[EventCountry "ENG"]
[SourceTitle "EXT 2023"]
[Source "ChessBase"]
[SourceDate "2022.10.05"]
[SourceVersion "1"]
[SourceVersionDate "2022.10.05"]
[SourceQuality "1"]
[WhiteTeam "Cheddleton"]
[BlackTeam "Oxford"]
[WhiteTeamCountry "ENG"]
[BlackTeamCountry "ENG"]

1. e4 c6 2. d4 d5 3. Nd2 dxe4 4. Nxe4 Bf5 5. Ng3 Bg6 6. Nf3 Nd7 7. h4 h6 8. h5 Bh7 9. Bd3 Bxd3 10. Qxd3 e6 11. Bf4 Qa5+ 12. Bd2 Bb4 13. Ne4 Bxd2+ 14. Qxd2 Qxd2+ 15. Nfxd2 Ke7 16. 0-0-0 Ngf6 17. Nxf6 Nxf6 18. f3 Rhd8 19. Ne4 Rd5 20. Nxf6 gxf6 21. g4 Rad8 22. c3 f5 23. gxf5 Rxf5 24. Rh3 Rg8 25. Rd2 Rgg5 26. Rdh2 Rd5 27. Kc2 Rg1 28. Rf2 Kf6 29. f4 Rg4 30. Kd3 c5 31. Ke4 cxd4 32. cxd4 Rg1 33. Rd2 Re1+ 34. Kf3 Kf5 35. Rh4 Re4 36. Rg4 Rexd4 37. Rxd4 Rxd4 38. Rg7 Rxf4+ 39. Kg3 Ke5 40. Rh7 Rf6 41. Rh8 Kd6 42. Rd8+ Kc7 43. Re8 Rf5 44. Kg4 Rg5+ 45. Kh4 Kd7 46. Rh8 Ke7 47. Rxh6 Rg8 48. Rh7 e5 49. h6 Kf6 0-1

[Event "BCF-chT4 0607 (4NCL)"]
[Site "Sunningdale"]
[Date "2007.05.26"]
[Round "9.111"]
[White "Galliano, Alexander"]
[Black "Smallbone, Kieran"]
[Result "0-1"]
[WhiteElo "2083"]
[BlackElo "2223"]
[PlyCount "132"]
[EventDate "2006.09.16"]
[EventType "team-tourn"]
[EventRounds "11"]
[EventCountry "ENG"]
[SourceTitle "EXT 2008"]
[Source "ChessBase"]
[SourceDate "2007.11.25"]
[SourceVersion "1"]
[SourceVersionDate "2007.11.25"]
[SourceQuality "1"]
[WhiteTeam "W Collective II"]
[BlackTeam "Oxford II"]
[WhiteTeamCountry "ENG"]
[BlackTeamCountry "ENG"]

1. e4 c6 2. d3 d5 3. Nd2 e5 4. Ngf3 Bd6 5. g3 Nf6 6. Bg2 0-0 7. 0-0 Re8 8. c3 a5 9. Re1 Bg4 10. Qc2 Nbd7 11. Nf1 dxe4 12. dxe4 Nc5 13. Ne3 Bh5 14. Nf5 Bf8 15. Bg5 Qd3 16. Qxd3 Nxd3 17. Re2 Nd7 18. Rd2 N3c5 19. Be3 Nb6 20. Bxc5 Bxc5 21. Nd6 Bxd6 22. Rxd6 f6 23. b3 a4 24. b4 a3 25. b5 Nc4 26. Rd7 cxb5 27. Rxb7 Rab8 28. Rd7 Bg4 29. Rd3 Nb2 30. Rd2 Rec8 31. Rc2 b4 32. Nd2 Rxc3 33. Rxc3 bxc3 34. Nb1 c2 35. Nxa3 Bd1 36. Bf1 Ra8 37. Nc4 Rxa2 38. Rc1 Kf8 39. Ne3 Ra8 40. Bb5 Rb8 41. Ba6 Rb6 42. Bf1 Rd6 43. Bb5 Rb6 44. Bf1 Rc6 45. Bb5 Rc5 46. Ba6 Bf3 47. Rxc2 Rxc2 48. Nxc2 Bxe4 49. Ne1 Na4 50. Bd3 Bxd3 51. Nxd3 Ke7 52. Kg2 Kd6 53. g4 Nc5 54. Nc1 Ne6 55. Kf3 Kd5 56. h4 Nd4+ 57. Kg3 Ke4 58. g5 f5 59. h5 g6 60. h6 Ne6 61. Kh4 Kf3 62. Nd3 Kg2 63. Nxe5 Nd4 64. Nxg6 hxg6 65. h7 Kh2 66. h8R Nf3# 0-1

[Event "BCF-chT2 0506 (4NCL)"]
[Site "Birmingham"]
[Date "2006.05.01"]
[Round "11.5"]
[White "Hunt, Malcolm A"]
[Black "Smallbone, Kieran"]
[Result "0-1"]
[WhiteElo "2108"]
[BlackElo "2194"]
[PlyCount "48"]
[EventDate "2005.10.22"]
[EventType "team-tourn"]
[EventRounds "11"]
[EventCountry "ENG"]
[SourceTitle "EXT 2007"]
[Source "ChessBase"]
[SourceDate "2006.11.23"]
[SourceVersion "1"]
[SourceVersionDate "2006.11.23"]
[SourceQuality "1"]
[WhiteTeam "Warwicks Select"]
[BlackTeam "Oxford"]
[WhiteTeamCountry "ENG"]
[BlackTeamCountry "ENG"]

1. d4 d5 2. Bf4 Nf6 3. e3 c5 4. c3 Qb6 5. Qb3 Nc6 6. Nd2 c4 7. Qc2 Nh5 8. Ngf3 Nxf4 9. exf4 g6 10. Be2 Bf5 11. Qc1 Bh6 12. g3 0-0 13. 0-0 f6 14. Kg2 Rae8 15. Nh4 Bc8 16. Qc2 e5 17. Nxg6 hxg6 18. Qxg6+ Bg7 19. fxe5 fxe5 20. Nxc4 Qc7 21. Nxe5 Bf5 22. Qh5 Nxe5 23. dxe5 Rxe5 24. Kg1 Bc8 0-1

[Event "BCF-chT2 0506 (4NCL)"]
[Site "Birmingham"]
[Date "2006.03.04"]
[Round "7.4"]
[White "Blackburn, Jonathan LB"]
[Black "Smallbone, Kieran"]
[Result "0-1"]
[WhiteElo "2208"]
[BlackElo "2194"]
[PlyCount "64"]
[EventDate "2005.10.22"]
[EventType "team-tourn"]
[EventRounds "11"]
[EventCountry "ENG"]
[SourceTitle "EXT 2007"]
[Source "ChessBase"]
[SourceDate "2006.11.23"]
[SourceVersion "1"]
[SourceVersionDate "2006.11.23"]
[SourceQuality "1"]
[WhiteTeam "SW Dragons"]
[BlackTeam "Oxford"]
[WhiteTeamCountry "ENG"]
[BlackTeamCountry "ENG"]

1. d4 d5 2. c4 c6 3. Nf3 Nf6 4. Nc3 dxc4 5. a4 Bf5 6. e3 e6 7. Bxc4 Bb4 8. 0-0 Nbd7 9. Qe2 Bg6 10. Na2 Bd6 11. b4 0-0 12. Bd3 Bh5 13. Bb2 e5 14. e4 exd4 15. Bxd4 Be5 16. Bc3 Bxf3 17. gxf3 Nh5 18. Rfd1 Qh4 19. Bxe5 Nxe5 20. Qe3 Rae8 21. Nc3 Nf4 22. Bf1 Re6 23. Ne2 Nxe2+ 24. Bxe2 Ng6 25. Bc4 Re5 26. f4 Nxf4 27. Kf1 Qxh2 28. Qf3 Rh5 29. Ke1 Rh3 30. Qg4 h5 31. Bxf7+ Rxf7 32. Rd8+ Kh7 0-1

[Event "BCF-chT2 0506 (4NCL)"]
[Site "Birmingham"]
[Date "2006.01.14"]
[Round "5.6"]
[White "Tunks, Dominic"]
[Black "Smallbone, Kieran"]
[Result "1/2-1/2"]
[WhiteElo "2155"]
[BlackElo "2194"]
[PlyCount "64"]
[EventDate "2005.10.22"]
[EventType "team-tourn"]
[EventRounds "11"]
[EventCountry "ENG"]
[SourceTitle "EXT 2007"]
[Source "ChessBase"]
[SourceDate "2006.11.23"]
[SourceVersion "1"]
[SourceVersionDate "2006.11.23"]
[SourceQuality "1"]
[WhiteTeam "Wessex"]
[BlackTeam "Oxford"]
[WhiteTeamCountry "ENG"]
[BlackTeamCountry "ENG"]

1. e4 c6 2. d4 d5 3. e5 Bf5 4. Nc3 e6 5. g4 Bg6 6. Nge2 Ne7 7. Nf4 c5 8. h4 cxd4 9. Nb5 Nec6 10. h5 Be4 11. f3 a6 12. fxe4 axb5 13. exd5 exd5 14. Qe2 Bb4+ 15. Kd1 0-0 16. e6 Re8 17. Bh3 fxe6 18. Nxe6 Qd6 19. g5 d3 20. cxd3 Nd4 21. Bf4 Qa6 22. Nxd4 Rxe2 23. Kxe2 Nc6 24. Ne6 Re8 25. Kf3 Qb6 26. a3 Nd4+ 27. Nxd4 Qxd4 28. axb4 Rf8 29. Be6+ Kh8 30. Bf7 Qxd3+ 31. Kg4 Qe2+ 32. Kg3 Qd3+ 1/2-1/2

[Event "BCF-chT2 0506 (4NCL)"]
[Site "Birmingham"]
[Date "2005.11.20"]
[Round "4.5"]
[White "Wallden, Petros"]
[Black "Smallbone, Kieran"]
[Result "0-1"]
[WhiteElo "2137"]
[BlackElo "2194"]
[PlyCount "56"]
[EventDate "2005.10.22"]
[EventType "team-tourn"]
[EventRounds "11"]
[EventCountry "ENG"]
[SourceTitle "EXT 2007"]
[Source "ChessBase"]
[SourceDate "2006.11.23"]
[SourceVersion "1"]
[SourceVersionDate "2006.11.23"]
[SourceQuality "1"]
[WhiteTeam "Cambridge"]
[BlackTeam "Oxford"]
[WhiteTeamCountry "ENG"]
[BlackTeamCountry "ENG"]

1. Nf3 d5 2. c4 c6 3. d4 Nf6 4. e3 Bf5 5. Bd3 Bxd3 6. Qxd3 e6 7. 0-0 Be7 8. Nc3 Nbd7 9. e4 dxe4 10. Nxe4 Nxe4 11. Qxe4 0-0 12. Bf4 Qa5 13. Rfd1 Rfd8 14. a3 Nf6 15. Qc2 b5 16. Ne5 Rac8 17. b4 Qb6 18. c5 Qb7 19. Rd3 Nd7 20. Rh3 h6 21. Re1 Nxe5 22. Bxe5 Bf8 23. Rg3 Kh8 24. Re4 f6 25. Bf4 Qf7 26. Qe2 Rd5 27. Rxe6 Rxd4 28. Bd6 Qxe6 0-1